<?xml version="1.0" encoding="UTF-8"?>
<record
    xmlns:xsi="http://www.w3.org/2001/XMLSchema-instance"
    xsi:schemaLocation="http://www.loc.gov/MARC21/slim http://www.loc.gov/standards/marcxml/schema/MARC21slim.xsd"
    xmlns="http://www.loc.gov/MARC21/slim">

  <leader>01812nam0a2200409   4500</leader>
  <controlfield tag="001">RU\NLR\bibl\951630</controlfield>
  <controlfield tag="005">20210409112951.0</controlfield>
  <datafield tag="010" ind1=" " ind2=" ">
    <subfield code="a">5-94884-003-4</subfield>
    <subfield code="9">2000</subfield>
  </datafield>
  <datafield tag="021" ind1=" " ind2=" ">
    <subfield code="a">RU</subfield>
    <subfield code="b">2006-16723</subfield>
    <subfield code="9">826</subfield>
  </datafield>
  <datafield tag="035" ind1=" " ind2=" ">
    <subfield code="a">(NLR Aleph) 000939731</subfield>
  </datafield>
  <datafield tag="035" ind1=" " ind2=" ">
    <subfield code="a">(nilc)RSL-KNO-002863526</subfield>
  </datafield>
  <datafield tag="090" ind1=" " ind2=" ">
    <subfield code="a">212188</subfield>
    <subfield code="c">212188</subfield>
  </datafield>
  <datafield tag="100" ind1=" " ind2=" ">
    <subfield code="a">20060413d2006    u  y0rusy50      ca</subfield>
  </datafield>
  <datafield tag="101" ind1="1" ind2=" ">
    <subfield code="a">rus</subfield>
    <subfield code="c">fre</subfield>
  </datafield>
  <datafield tag="102" ind1=" " ind2=" ">
    <subfield code="a">RU</subfield>
  </datafield>
  <datafield tag="105" ind1=" " ind2=" ">
    <subfield code="a">y   |||||||||</subfield>
  </datafield>
  <datafield tag="106" ind1=" " ind2=" ">
    <subfield code="a">r</subfield>
  </datafield>
  <datafield tag="200" ind1="1" ind2=" ">
    <subfield code="a">&#x420;&#x438;&#x43C;. &#x412;&#x437;&#x433;&#x43B;&#x44F;&#x434; &#x441;&#x43E; &#x441;&#x442;&#x43E;&#x440;&#x43E;&#x43D;&#x44B;</subfield>
    <subfield code="e">&#x43F;&#x440;&#x430;&#x432;&#x43E;&#x441;&#x43B;&#x430;&#x432;. &#x432;&#x43E;&#x441;&#x43F;&#x440;&#x438;&#x44F;&#x442;&#x438;&#x435; &#x438;&#x434;&#x435;&#x438; &#x43F;&#x435;&#x440;&#x432;&#x435;&#x43D;&#x441;&#x442;&#x432;&#x430; &#x440;&#x438;&#x43C;. &#x435;&#x43F;&#x438;&#x441;&#x43A;&#x43E;&#x43F;&#x430;</subfield>
    <subfield code="f">&#x41E;&#x43B;&#x438;&#x432;&#x44C;&#x435; &#x41A;&#x43B;&#x435;&#x43C;&#x430;&#x43D;</subfield>
    <subfield code="g">[&#x43F;&#x435;&#x440;. &#x441; &#x444;&#x440;. &#x43F;&#x440;&#x43E;&#x442;&#x43E;&#x438;&#x435;&#x440;. &#x410;&#x43B;&#x435;&#x43A;&#x441;&#x438;&#x44F; &#x413;&#x43E;&#x441;&#x442;&#x435;&#x432;&#x430;</subfield>
    <subfield code="g">&#x440;&#x435;&#x434;. &#x410;&#x43B;&#x435;&#x43A;&#x441;&#x430;&#x43D;&#x434;&#x440; &#x417;&#x430;&#x43D;&#x435;&#x43C;&#x43E;&#x432;&#x435;&#x446;]</subfield>
  </datafield>
  <datafield tag="210" ind1=" " ind2=" ">
    <subfield code="a">&#x41C;&#x43E;&#x441;&#x43A;&#x432;&#x430;</subfield>
    <subfield code="c">&#x421;&#x43A;&#x438;&#x43C;&#x435;&#x43D;&#x44A;</subfield>
    <subfield code="d">2006</subfield>
  </datafield>
  <datafield tag="215" ind1=" " ind2=" ">
    <subfield code="a">126, [1] &#x441;.</subfield>
    <subfield code="d">20</subfield>
  </datafield>
  <datafield tag="225" ind1="1" ind2=" ">
    <subfield code="a">&#x421;&#x435;&#x440;&#x438;&#x44F; Pax Latina</subfield>
  </datafield>
  <datafield tag="300" ind1=" " ind2=" ">
    <subfield code="a">&#x41F;&#x435;&#x440;. &#x438;&#x437;&#x434;.: Rome autrement / Olivier Clement, Paris, 1997</subfield>
  </datafield>
  <datafield tag="454" ind1=" " ind2="0">
    <subfield code="1">2001#$aRome autrement$fOlivier Clement</subfield>
    <subfield code="1">700#1$3RU\NLR\AUTH\770228977$aClement$bO.$f1921-2009$gOlivier$4070</subfield>
    <subfield code="1">210##$aParis$d1997</subfield>
    <subfield code="t">Rome autrement</subfield>
    <subfield code="a">Clement, Olivier (1921-2009)</subfield>
  </datafield>
  <datafield tag="606" ind1="1" ind2=" ">
    <subfield code="a">&#x425;&#x440;&#x438;&#x441;&#x442;&#x438;&#x430;&#x43D;&#x441;&#x442;&#x432;&#x43E;</subfield>
    <subfield code="x">&#x418;&#x441;&#x442;&#x43E;&#x440;&#x438;&#x44F;</subfield>
    <subfield code="9">892568</subfield>
    <subfield code="3">RU\NLR\auth\66323125</subfield>
  </datafield>
  <datafield tag="610" ind1="0" ind2=" ">
    <subfield code="a">&#x420;&#x435;&#x43B;&#x438;&#x433;&#x438;&#x44F; -- &#x425;&#x440;&#x438;&#x441;&#x442;&#x438;&#x430;&#x43D;&#x441;&#x442;&#x432;&#x43E; -- &#x41F;&#x440;&#x430;&#x432;&#x43E;&#x441;&#x43B;&#x430;&#x432;&#x438;&#x435; -- &#x420;&#x435;&#x43B;&#x438;&#x433;&#x438;&#x44F; &#x438; &#x434;&#x440;&#x443;&#x433;&#x438;&#x435; &#x440;&#x435;&#x43B;&#x438;&#x433;&#x438;&#x438; -- &#x41E;&#x442;&#x43D;&#x43E;&#x448;&#x435;&#x43D;&#x438;&#x435; &#x43A; &#x43A;&#x430;&#x442;&#x43E;&#x43B;&#x438;&#x446;&#x438;&#x437;&#x43C;&#x443;</subfield>
  </datafield>
  <datafield tag="686" ind1=" " ind2=" ">
    <subfield code="a">&#x42D;372-198.75,0</subfield>
    <subfield code="2">rubbk</subfield>
  </datafield>
  <datafield tag="686" ind1=" " ind2=" ">
    <subfield code="a">&#x42D;375-198.72,0</subfield>
    <subfield code="2">rubbk</subfield>
  </datafield>
  <datafield tag="686" ind1=" " ind2=" ">
    <subfield code="a">&#x42D;37-3</subfield>
  </datafield>
  <datafield tag="700" ind1=" " ind2="1">
    <subfield code="4">070</subfield>
    <subfield code="7">ca</subfield>
    <subfield code="8">rus</subfield>
    <subfield code="a">&#x41A;&#x43B;&#x435;&#x43C;&#x430;&#x43D;</subfield>
    <subfield code="b">&#x41E;.</subfield>
    <subfield code="f">1921-2009</subfield>
    <subfield code="g">&#x41E;&#x43B;&#x438;&#x432;&#x44C;&#x435;</subfield>
    <subfield code="9">228909</subfield>
    <subfield code="3">RU\NLR\AUTH\770228965</subfield>
  </datafield>
  <datafield tag="801" ind1=" " ind2="0">
    <subfield code="a">RU</subfield>
    <subfield code="b">&#x420;&#x41A;&#x41F;</subfield>
    <subfield code="c">20060413</subfield>
    <subfield code="g">rcr</subfield>
  </datafield>
  <datafield tag="801" ind1=" " ind2="1">
    <subfield code="a">RU</subfield>
    <subfield code="b">&#x420;&#x413;&#x411;</subfield>
    <subfield code="c">20060413</subfield>
  </datafield>
  <datafield tag="801" ind1=" " ind2="2">
    <subfield code="a">RU</subfield>
    <subfield code="b">NLR</subfield>
    <subfield code="c">20060519</subfield>
    <subfield code="g">rcr</subfield>
  </datafield>
  <datafield tag="942" ind1=" " ind2=" ">
    <subfield code="c">BOOK</subfield>
  </datafield>
  <datafield tag="980" ind1=" " ind2=" ">
    <subfield code="a">NB</subfield>
  </datafield>
  <datafield tag="995" ind1=" " ind2=" ">
    <subfield code="5">2006-05-19</subfield>
    <subfield code="a">ad</subfield>
    <subfield code="b">NLR01</subfield>
    <subfield code="c">NLR01</subfield>
    <subfield code="e">RF3</subfield>
    <subfield code="f">2198031</subfield>
    <subfield code="k">2006-3/14477</subfield>
    <subfield code="o">0</subfield>
    <subfield code="r">BOOK</subfield>
    <subfield code="s">2006314477_</subfield>
  </datafield>
  <datafield tag="995" ind1=" " ind2=" ">
    <subfield code="5">2006-05-19</subfield>
    <subfield code="a">ad</subfield>
    <subfield code="b">NLR01</subfield>
    <subfield code="c">NLR01</subfield>
    <subfield code="e">RF3</subfield>
    <subfield code="f">2198032</subfield>
    <subfield code="k">2006-3/14477</subfield>
    <subfield code="o">0</subfield>
    <subfield code="r">BOOK</subfield>
    <subfield code="s">2006314477_</subfield>
  </datafield>
</record>
